| 000 | 00507nam a2200205Ia 4500 | ||
|---|---|---|---|
| 003 | OSt | ||
| 005 | 20230701094927.0 | ||
| 008 | 210423s9999 xx 000 0 und d | ||
| 040 | _cAL | ||
| 041 | _aeng | ||
| 082 |
_a320.8K MEET _223 |
||
| 100 |
_aMEERA (M) _9122096 |
||
| 245 | _aTarabeti tantragalu. | ||
| 260 |
_bInstitute of social sciences _aMumbai _c2004 |
||
| 300 |
_a34 _bPB |
||
| 365 |
_b75 _cINR |
||
| 650 |
_aLocal Government _9122097 |
||
| 906 | _atantragalu. ; Tarabeti | ||
| 942 |
_2ddc _cBK |
||
| 999 |
_c173906 _d173906 |
||